La medida de diferentes niveles de conocimiento de cuestiones de alternativas multiples
I tiakina i:
| Kaituhi matua: | |
|---|---|
| Hōputu: | Pukapuka |
| Reo: | Pāniora |
| I whakaputaina: |
Caracas
Universidad Central de Venezuela
1977
|
| Ngā marau: | |
| Ngā Tūtohu: |
Tāpirihia he Tūtohu
Kāore He Tūtohu, Me noho koe te mea tuatahi ki te tūtohu i tēnei pūkete!
|
MARC
| LEADER | 00000nam a2200000 a 4500 | ||
|---|---|---|---|
| 001 | UCT0389 | ||
| 003 | CL-VaPUC | ||
| 008 | 960830e19770000VE |||||||||||||||||spa|d | ||
| 082 | 0 | 4 | |a 153.4 |b CON |2 21 |
| 100 | 0 | |a Contasti, Max |e author |9 369038 | |
| 245 | 1 | 3 | |a La medida de diferentes niveles de conocimiento de cuestiones de alternativas multiples |
| 300 | |a 104 p | ||
| 942 | |c BK | ||
| 945 | |d 19960830 00:00:00 |a nastorga | ||
| 260 | |a Caracas |b Universidad Central de Venezuela |c 1977 | ||
| 650 | 7 | |a CONOCIMIENTO |2 CL-VaPUC |9 308991 | |
| 650 | 7 | |a ESTRUCTURA DEL CONOCIMIENTO |2 CL-VaPUC |9 335304 | |
| 650 | 0 | |a Epistemología |9 264994 | |
| 650 | 0 | |a Cognición |9 270347 | |
| 650 | 0 | |a Metodología |9 256610 | |
| 583 | |a last modification |c 19960830 00:00:00 |k Rodrigo Vera | ||
| 999 | |c 251394 |d 251392 | ||
| 952 | |0 0 |1 0 |4 0 |6 153_400000000000000_CON_1977 |7 0 |8 P |9 270510 |a BIBEDU |b BIBEDU |c BIBEDU_PB |d 2019-11-19 |i 3225593 |o 153.4 CON 1977 |p 3225593 |r 2024-01-25 |w 2019-11-19 |y BK |k EDU | ||